| 000 | 00896cam a22002891 4500 | ||
|---|---|---|---|
| 001 | 13422 | ||
| 003 | BD-RjUL | ||
| 005 | 20211208235442.0 | ||
| 008 | 140201s1964 nyua 001 0 eng d | ||
| 035 | _a(BD-RjUL)13473 | ||
| 035 | _a(OCoLC)1100894 | ||
| 040 |
_aDLC _cOOxM _dOCoLC _dUk _dDLC _dBD-RjUL _beng |
||
| 041 | _aeng | ||
| 082 |
_a624.183 _bWID 1964 |
||
| 100 | 1 |
_aWinter, George, _d1907- _941850 |
|
| 245 | 1 | 0 |
_aDesign of concrete structures _c George Winter ...[at. al.] |
| 250 | _a7th ed. | ||
| 260 |
_aNew York : _aLondon ; _bMcGraw-Hill, _cc1964 |
||
| 300 |
_axi, 660 p. : _bill. ; _c22 cm. |
||
| 650 | 0 |
_aReinforced concrete construction. _940496 |
|
| 650 | 0 |
_aPrestressed concrete construction. _941852 |
|
| 700 |
_aL. C. Urquhart _941853 |
||
| 942 |
_2ddc _cBK |
||
| 999 |
_c13422 _d13422 |
||